| 000 | 00000nas 2200000za 4500 |
| 001 | 9.819845 |
| 003 | CaOODSP |
| 005 | 20221107143050 |
| 007 | cr ||||||||||| |
| 008 | 150406d19861989onc x m o||||f0 |0fre|d |
| 040 | |aCaOODSP|bfre |
| 043 | |an-cn--- |
| 086 | 1 |aXC26-1/1F-pdf |
| 110 | 1 |aCanada.|bParlement.|bChambre des communes. |bComité permanent des finances et des affaires économiques. |
| 245 | 10|aRapport du Comité permanent des finances et des affaires économiques|h[ressource électronique] |
| 260 | |a[Ottawa] : |bLe Comité,|c[1986-1989] |
| 310 | |aIrrégulier |
| 775 | 08|tReport of the Standing Committee on Finance and Economic Affairs|w(CaOODSP)9.819696 |
| 780 | 00|tRapport du Comité permanent des finances et des questions économiques |w(CaOODSP)9.819878 |
| 785 | 00|tRapport du Comité permanent des finances |w(CaOODSP)9.503208 |